000 01414nam a22003614a 4500
001 ebr10224920
003 CaPaEBR
006 m u
007 cr cn|||||||||
008 020522s2002 nyu sb 001 0 eng
010 _z 2002071646
020 _z0826460356
020 _z0826460364 (pbk.)
040 _aCaPaEBR
_cCaPaEBR
035 _a(OCoLC)229383641
050 1 4 _aHM851
_b.L58 2002eb
082 0 4 _a303.48/34
_221
245 0 0 _aLiving with cyberspace
_h[electronic resource] :
_btechnology & society in the 21st century /
_cedited by John Armitage and Joanne Roberts.
260 _aNew York :
_bContinuum,
_c2002.
300 _aviii, 203 p.
504 _aIncludes bibliographical references (p. [191]-195) and index.
533 _aElectronic reproduction.
_bPalo Alto, Calif. :
_cebrary,
_d2013.
_nAvailable via World Wide Web.
_nAccess may be limited to ebrary affiliated libraries.
650 0 _aInformation technology
_xSocial aspects.
650 0 _aCyberspace
_xSocial aspects.
650 0 _aInformation society.
650 0 _aComputers and civilization.
650 0 _aCivilization, Modern
_y21st century.
655 7 _aElectronic books.
_2local
700 1 _aArmitage, John,
_d1956-
700 1 _aRoberts, Joanne.
710 2 _aebrary, Inc.
856 4 0 _uhttp://site.ebrary.com/lib/rucke/Doc?id=10224920
_zAn electronic book accessible through the World Wide Web; click to view
999 _c26669
_d26669